| 000 | 00524nam a2200157 a 4500 | ||
|---|---|---|---|
| 008 | 201202s2012 ||||||||||||||||| || u | ||
| 020 | _a9780007443499 | ||
| 050 | _aPR 6105.D825 | ||
| 100 | _aEdwards, Janet | ||
| 245 | 1 | 0 |
_aEarth girl _cBy Janet Edwards |
| 260 |
_aLondon _bHarperCollinsPublishers _c2012 |
||
| 300 | _a358 pages | ||
| 350 | _a16.25 | ||
| 650 | _aENGLISH LANGUAGE | ||
| 995 |
_FCBU-MAIN LIBRARY (Kitwe) _I16.25 _M1 _UAVAILABLE _WDec 11, 2020 _ZFiction Collection |
||
| 999 |
_c40623 _d40623 |
||